Aprender a comer : (Registro nro. 29511)
[ vista simple ]
| 000 -LEADER | |
|---|---|
| fixed length control field | 01651nam a22002897a 4500 |
| 003 - CONTROL NUMBER IDENTIFIER | |
| control field | OSt |
| 005 - DATE AND TIME OF LATEST TRANSACTION | |
| control field | 20220727144407.0 |
| 008 - FIXED-LENGTH DATA ELEMENTS--GENERAL INFORMATION | |
| fixed length control field | 220706t2002 ck |||g |||| 00| 0 spa d |
| 020 ## - INTERNATIONAL STANDARD BOOK NUMBER | |
| International Standard Book Number | 9788427027787 |
| 040 ## - CATALOGING SOURCE | |
| Original cataloging agency | CO-JMCR |
| Transcribing agency | CO-JMCR |
| 041 0# - LANGUAGE CODE | |
| Language code of text/sound track or separate title | spa |
| 082 04 - DEWEY DECIMAL CLASSIFICATION NUMBER | |
| Classification number | 306.461 / |
| Item number | C277a |
| Edition number | 23 |
| 100 1# - MAIN ENTRY--PERSONAL NAME | |
| Personal name | Castells, Marta, |
| 9 (RLIN) | 42101 |
| Relator term | autora |
| 245 10 - TITLE STATEMENT | |
| Title | Aprender a comer : |
| Remainder of title | cómo alimentarse para vivir mejor / |
| Statement of responsibility, etc. | Marta Castells y Paulino Castells. |
| 260 ## - PUBLICATION, DISTRIBUTION, ETC. | |
| Place of publication, distribution, etc. | Bogotá : |
| Name of publisher, distributor, etc. | Planeta, |
| Date of publication, distribution, etc. | ©2002 |
| 300 ## - PHYSICAL DESCRIPTION | |
| Extent | 343 páginas ; |
| Dimensions | 22 cm. |
| 490 0# - SERIES STATEMENT | |
| Series statement | Colección manuales prácticos |
| 500 ## - GENERAL NOTE | |
| General note | |
| 504 ## - BIBLIOGRAPHY, ETC. NOTE | |
| Bibliography, etc. note | Bibliografía: páginas 337-343. |
| 505 ## - FORMATTED CONTENTS NOTE | |
| Formatted contents note | ¿Por qué debemos aprender a comer? -- Pinceladas sobre nutrición -- Comer: ayer, hoy y siempre -- Peligros poco conocidos -- El comportamiento ante la comida -- La obesidad: epidemia del siglo XXI -- Las mil y una formas de adelgazar -- Ejercicio, sol agua... y la dieta mediterránea -- Una copa menos -- Comer en casa, comer fuera -- En busca del consumidor sano -- Nueve meses de espera -- Nuevos en este mundo -- Los pequeños gourmets -- La edad de la rebeldía -- Alimentación especial para la mujer -- La edad de la sabiduría -- Apendice: resumen y consejos prácticos para los problemas de salud más habituales. |
| 520 3# - SUMMARY, ETC. | |
| Summary, etc. | Esta obra recuerda y argumenta la importancia de comer de forma inteligente, a la vez que demuestra la necesida de crear buenos hábitos alimentarios desde la más tierna infancia. |
| 650 14 - SUBJECT ADDED ENTRY--TOPICAL TERM | |
| Topical term or geographic name entry element | Salud personal |
| 9 (RLIN) | 42102 |
| 650 14 - SUBJECT ADDED ENTRY--TOPICAL TERM | |
| Topical term or geographic name entry element | Nutrición |
| 9 (RLIN) | 10961 |
| 650 14 - SUBJECT ADDED ENTRY--TOPICAL TERM | |
| Topical term or geographic name entry element | Ejercicio |
| 9 (RLIN) | 42177 |
| 700 1# - ADDED ENTRY--PERSONAL NAME | |
| Personal name | Castells, Paulino, |
| 9 (RLIN) | 42103 |
| Relator term | autor |
| 942 ## - ADDED ENTRY ELEMENTS (KOHA) | |
| Source of classification or shelving scheme | Dewey Decimal Classification |
| Koha item type | Books |
| Withdrawn status | Lost status | Source of classification or shelving scheme | Damaged status | Not for loan | Home library | Current library | Shelving location | Date acquired | Source of acquisition | Total Checkouts | Full call number | Barcode | Date last seen | Date last checked out | Copy number | Price effective from | Koha item type |
|---|---|---|---|---|---|---|---|---|---|---|---|---|---|---|---|---|---|
| Dewey Decimal Classification | Biblioteca Pública José María del Castillo y Rada | Biblioteca Pública José María del Castillo y Rada | General Stacks | 07/06/2022 | Donación | 1 | 306.461 / C277a | 201811506 | 05/16/2024 | 10/13/2022 | Ej.1 | 07/06/2022 | Books |